Normal view
MARC view
Entry Personal Name
001 - CONTROL NUMBER
- control field: 86816
003 - CONTROL NUMBER IDENTIFIER
- control field: dpl
005 - DATE AND TIME OF LATEST TRANSACTION
- control field: 20260122162559.0
008 - FIXED-LENGTH DATA ELEMENTS
- fixed length control field: 260122|| aca||aabn | a|a d
040 ## - CATALOGING SOURCE
- Original cataloging agency: dpl
- Transcribing agency: dpl
100 ## - HEADING--PERSONAL NAME
- Personal name: Hussain Akbar,Akram Mohammad
670 ## - SOURCE DATA FOUND
- Source citation: Work cat.: (dpl)214469: Hussain Akbar,Akram Mohammad, Dimensions Of Wellbeing/, 2022
